zpět

Detail výsledku týmu

Na Hřišti Doloplazy, Doloplazy

Datum a čas kvízu

35.5 Celkem bodů Celkový počet nahraných bodů na tomto kvízu bez doplňovacích otázek.
2. Pořadí na kvízu Konečné umístění týmu na tomto kvízu.

Zaznamenané odpovědi

# Otázka Odpověď Body Výsledky
1. Prezidentské volby vyhrál o ví... Karlovarský, Ústecký, Moravskoslezský 1
2. Novým premiérem jedné země se... Nový Zéland 1
3. Americká Akademie filmového um... B) Všechno, všude, najednou 0
4. Minulý týden se k planetě Zemi... Neandertálská kometa 0
5. Tento 21letý český tenista svo... Jiří Lehečka 1
6. Toto jsou tři podoby jednoho z... Carlos, Šakal 0.5
7. Ziggy Stardust je mimozemská r... David Bowie 0
8. Pod kterou přezdívkou je znám... Skrillex 0
9. Přezdívky mají i státy USA. Do... 1B 2A 3D 4C 1
10. I mnozí sportovci si dávají př... Kaká 1